[Event "Elite Hotels Open 2015"]
[Site "Elite Stadshotellet, Vaxjo"]
[Date "2015.02.13"]
[Round "1.1"]
[White "Petersson, Baldur Teodor"]
[Black "Meier, Georg"]
[Result "0-1"]
[WhiteElo "1958"]
[BlackElo "2641"]

1.e4 e6 2.d4 d5 3.exd5 exd5 4.Bd3 Nc6 5.c3 Bd6 6.Nf3 Bg4 7.O-O Nge7 8.Nbd2
Qd7 9.Re1 O-O-O 10.b4 Ng6 11.Qa4 Kb8 12.b5 Nce7 13.Ne5 Bxe5 14.dxe5 d4 15.
c4 Nf4 16.Bf1 Rhe8 17.Ne4 Ne6 18.Bd3 Ng6 19.Ng3 Nc5 20.Qc2 Nxd3 21.Qxd3 
Nxe5 22.Qf1 d3 23.f3 Bxf3 24.gxf3 Nxf3+ 25.Qxf3 Rxe1+ 26.Kf2 d2 0-1

[Event "Elite Hotels Open 2015"]
[Site "Elite Stadshotellet, Vaxjo"]
[Date "2015.02.13"]
[Round "1.2"]
[White "Solodovnichenko, Yuri"]
[Black "Subramanian, Aditya"]
[Result "1-0"]
[WhiteElo "2577"]
[BlackElo "1957"]

1.e4 e5 2.Nf3 Nc6 3.Bb5 Nf6 4.Nc3 Bb4 5.O-O O-O 6.d3 d6 7.Bg5 Ne7 8.Nh4 c6
9.Ba4 Ng6 10.Bb3 Nxh4 11.Bxh4 Be6 12.Ne2 d5 13.f4 Qb6+ 14.Kh1 Ng4 15.f5 
Bd7 16.Qc1 Qe3 17.Qxe3 Nxe3 18.Rf3 d4 19.c3 Bc5 20.cxd4 exd4 21.Bf2 Rae8 
22.Re1 Bb4 23.Rg1 c5 24.g4 Bb5 25.Nf4 Bd2 26.g5 c4 27.dxc4 Bc6 28.Nd5 Rxe4
29.f6 Bxd5 30.cxd5 g6 31.Bg3 Rd8 32.Bc7 Rd7 33.d6 Nf5 34.Rxf5 gxf5 35.Ba4 
Be3 36.Bxd7 1-0

[Event "Elite Hotels Open 2015"]
[Site "Elite Stadshotellet, Vaxjo"]
[Date "2015.02.13"]
[Round "1.3"]
[White "Johnsson, Marcus"]
[Black "Hillarp Persson, Tiger"]
[Result "0-1"]
[WhiteElo "1946"]
[BlackElo "2552"]

1.d4 g6 2.Nf3 Bg7 3.Bf4 d6 4.e3 Nd7 5.c3 e5 6.Bg3 Nh6 7.Nbd2 Nf5 8.e4 Nxg3
9.hxg3 Qe7 10.Bd3 O-O 11.O-O exd4 12.cxd4 c5 13.Rb1 cxd4 14.Nb3 Nc5 15.
Nfxd4 Nxe4 16.Re1 d5 17.f3 Bxd4+ 18.Nxd4 Qc5 19.Bxe4 dxe4 20.Rc1 Qb6 21.
Rxe4 Bf5 22.Rf4 Rad8 23.Rc4 Be6 24.Rc2 g5 25.Re4 Bf5 26.Rd2 Bxe4 27.fxe4 
Rfe8 28.Kh2 Rxe4 29.Nf5 Rde8 30.Nd6 R8e6 31.Nf5 Rh6+ 32.Nxh6+ Qxh6+ 33.Kg1
Qb6+ 34.Kh2 Re6 35.Rd8+ Kg7 36.g4 Rh6+ 37.Kg3 Qe3+ 38.Qf3 Qe1+ 39.Qf2 Qe5+
0-1

[Event "Elite Hotels Open 2015"]
[Site "Elite Stadshotellet, Vaxjo"]
[Date "2015.02.13"]
[Round "1.4"]
[White "Berg, Emanuel"]
[Black "Piechot, Steffen"]
[Result "1-0"]
[WhiteElo "2543"]
[BlackElo "1945"]

1.e4 c5 2.Nf3 b6 3.d4 cxd4 4.Nxd4 Bb7 5.Nc3 a6 6.g3 e6 7.Bg2 Qc7 8.O-O d6 
9.Qe2 Be7 10.Be3 Nd7 11.Rad1 h5 12.h3 Ngf6 13.f4 Rc8 14.Rfe1 g6 15.Bf2 b5 
16.a3 Nb6 17.Ndxb5 axb5 18.Nxb5 Qc6 19.Na7 Qc7 20.Qb5+ Nbd7 21.Nxc8 Qxc8 
22.e5 Ba6 23.Qa4 Nh7 24.Bc6 d5 25.Bxd7+ Qxd7 26.Qxa6 O-O 27.Qd3 Rb8 28.b4 
Qa4 29.Bd4 Rc8 30.Rd2 g5 31.f5 g4 32.h4 Bf8 33.fxe6 fxe6 34.Qg6+ Kh8 35.
Qxe6 Rxc2 36.Qg6 Rxd2 37.Be3 Rd1 38.Bf2 Rxe1+ 39.Bxe1 Qd1 40.Kf1 Qf3+ 41.
Kg1 Qe3+ 42.Bf2 Qxe5 43.b5 Bxa3 44.Qd3 Bd6 45.Bd4 Bc5 46.Bxc5 Kg8 47.Qg6+ 
Kh8 48.Qd3 Kg8 49.b6 Nf6 50.Qg6+ Kh8 51.Qh6+ Kg8 52.Qf8+ Kh7 53.Qf7+ Kh8 
54.Qf8+ Kh7 55.Qe7+ Qxe7 56.Bxe7 1-0

[Event "Elite Hotels Open 2015"]
[Site "Elite Stadshotellet, Vaxjo"]
[Date "2015.02.13"]
[Round "1.5"]
[White "Stenman, Christoffer"]
[Black "Blomqvist, Erik"]
[Result "0-1"]
[WhiteElo "1939"]
[BlackElo "2521"]

1.e4 c5 2.Nc3 a6 3.g3 b5 4.Bg2 Bb7 5.d3 e6 6.f4 d5 7.exd5 Nf6 8.Nf3 Nxd5 
9.Nxd5 Bxd5 10.O-O Be7 11.Be3 Nd7 12.d4 c4 13.Ne5 Nf6 14.f5 Qc8 15.fxe6 
Qxe6 16.Qe2 O-O 17.Rae1 Rae8 18.Bg5 Qd6 19.c3 Bxg2 20.Qxg2 Nd5 21.Bxe7 
Rxe7 22.Qd2 f6 23.Nf3 Rfe8 24.Rxe7 Rxe7 25.Re1 a5 26.Kf2 Kf7 27.Nh4 Qd7 
28.Rxe7+ Nxe7 29.Nf3 Qf5 30.Qf4 Qxf4 31.gxf4 Ke6 32.Nh4 g6 33.Kf3 b4 34.
Ng2 bxc3 35.bxc3 Nd5 36.Ne3 Nxc3 37.Nxc4 a4 38.a3 Kd5 39.Nb6+ Kxd4 40.Nd7 
f5 41.Nf6 Nb5 42.Ke2 Nxa3 43.Kd2 Nc4+ 44.Kc2 h5 45.Nh7 Ne3+ 46.Kb2 Nd5 0-1

[Event "Elite Hotels Open 2015"]
[Site "Elite Stadshotellet, Vaxjo"]
[Date "2015.02.13"]
[Round "1.6"]
[White "Smith, Axel"]
[Black "Sundqvist, Jan-Ove"]
[Result "1-0"]
[WhiteElo "2488"]
[BlackElo "1934"]

1.g3 d5 2.Nf3 c6 3.Bg2 Bg4 4.c4 e6 5.cxd5 cxd5 6.Qa4+ Qd7 7.Qxg4 Nf6 8.Qh4
Be7 9.Nc3 Nc6 10.Qa4 O-O 11.d4 h6 12.O-O a6 13.Bf4 b5 14.Qd1 Nh5 15.Ne5 
Nxe5 16.Bxe5 f6 17.e3 Qe8 18.Bf3 fxe5 19.Bxh5 g6 20.Bg4 Bd6 21.Qb3 h5 22.
Bh3 Kh7 23.dxe5 Bxe5 24.e4 Bd4 25.Rad1 Bb6 26.exd5 e5 27.d6 Rd8 28.d7 Qe7 
29.Nd5 Qc5 30.Nxb6 Qxb6 31.Qe3 1-0

[Event "Elite Hotels Open 2015"]
[Site "Elite Stadshotellet, Vaxjo"]
[Date "2015.02.13"]
[Round "1.7"]
[White "Lindstrom, Andreas"]
[Black "Semcesen, Daniel"]
[Result "0-1"]
[WhiteElo "1932"]
[BlackElo "2466"]

1.d4 d6 2.c4 f5 3.Nf3 Nf6 4.g3 g6 5.Bg2 Bg7 6.O-O O-O 7.b3 Qe8 8.Bb2 Nc6 
9.d5 Nd8 10.Nbd2 e5 11.dxe6 Nxe6 12.Re1 Nc5 13.Qc2 a5 14.Nd4 Bd7 15.Nf1 
Qe7 16.Ne3 c6 17.a3 Rae8 18.b4 Nce4 19.Qb3 a4 20.Qd3 Nxf2 21.Kxf2 Qxe3+ 
22.Qxe3 Ng4+ 23.Kg1 Nxe3 24.c5 Nc4 0-1

[Event "Elite Hotels Open 2015"]
[Site "Elite Stadshotellet, Vaxjo"]
[Date "2015.02.13"]
[Round "1.8"]
[White "Brynell, Stellan"]
[Black "Dehlin, Gabriel"]
[Result "1-0"]
[WhiteElo "2452"]
[BlackElo "1929"]

1.d4 Nf6 2.c4 g6 3.g3 Bg7 4.Bg2 O-O 5.Nc3 e6 6.Nf3 d5 7.O-O Nbd7 8.cxd5 
exd5 9.Bf4 c6 10.b4 Re8 11.a4 Ne4 12.Nxe4 dxe4 13.Ne1 Qb6 14.Nc2 a5 15.
bxa5 Rxa5 16.Qd2 Qa7 17.h4 Rxa4 18.Rxa4 Qxa4 19.h5 Nf6 20.h6 Bf8 21.Rb1 
Qc4 22.Ne3 Qe6 23.Qa5 Nh5 24.d5 cxd5 25.Rb6 Qe7 26.Nxd5 Qa3 27.Qxa3 Bxa3 
28.Be3 Re6 29.Rb3 Bd6 30.Nb6 Re8 31.Nxc8 Rxc8 32.Bxe4 Nf6 33.Bxb7 Re8 34.
Bf3 Ne4 35.Bxe4 Rxe4 36.Rb6 Bc7 37.Rc6 Re7 38.Bb6 Bxb6 39.Rc8+ 1-0

[Event "Elite Hotels Open 2015"]
[Site "Elite Stadshotellet, Vaxjo"]
[Date "2015.02.13"]
[Round "1.9"]
[White "Tuomainen, Felix"]
[Black "Akesson, Ralf"]
[Result "0-1"]
[WhiteElo "1929"]
[BlackElo "2451"]

1.d4 Nf6 2.c4 g6 3.Nc3 d5 4.cxd5 Nxd5 5.e4 Nxc3 6.bxc3 Bg7 7.Nf3 c5 8.Rb1 
O-O 9.Be2 b6 10.O-O Bb7 11.e5 cxd4 12.cxd4 Bd5 13.a4 Nc6 14.Be3 Qd7 15.Qd2
Rac8 16.Rfd1 Na5 17.Bb5 Qb7 18.Qe2 Rc7 19.Ba6 Bc4 20.Bxc4 Nxc4 21.Bf4 e6 
22.Nd2 Nxd2 23.Qxd2 Rd8 24.a5 b5 25.Qb4 a6 26.h3 Bf8 27.Qb3 Be7 28.Be3 Qe4
29.Rbc1 Rdc8 30.Qb2 Qd5 31.Qd2 Rc4 32.Ra1 Rc2 33.Qd3 R8c3 34.Qf1 b4 35.Bd2
Rc4 36.Be3 b3 37.Rab1 b2 38.Kh2 Bb4 39.Rd3 Bxa5 40.Rb3 Bc3 41.Qd3 Bxd4 42.
Bxd4 Qxd4 43.Qxd4 Rxd4 44.R1xb2 Rc5 45.Ra3 a5 46.Rba2 Rdd5 47.f4 0-1

[Event "Elite Hotels Open 2015"]
[Site "Elite Stadshotellet, Vaxjo"]
[Date "2015.02.13"]
[Round "1.10"]
[White "Westerberg, Jonathan"]
[Black "Karlsson, Roger"]
[Result "1-0"]
[WhiteElo "2430"]
[BlackElo "1921"]

1.e4 c6 2.Ne2 d5 3.e5 c5 4.c3 Nc6 5.d4 e6 6.Nd2 Qb6 7.Nf3 Bd7 8.Nf4 cxd4 
9.Bd3 dxc3 10.bxc3 Bc5 11.O-O Nge7 12.Qe2 Ng6 13.Nh5 Rg8 14.Bg5 Qc7 15.
Rfe1 Be7 16.Bxe7 Ncxe7 17.Rab1 a6 18.h3 Rc8 19.Rbc1 b5 20.Ng5 h6 21.Nf3 
Kd8 22.Nd4 Nc6 23.Bxg6 fxg6 24.Nxc6+ Qxc6 25.Nf4 Be8 26.Nd3 Rf8 27.Qe3 Rc7
28.Nb4 Qb7 29.Nc2 g5 30.Nd4 Qb6 31.Rb1 Bg6 32.Rb3 Rcf7 33.a4 Rxf2 34.axb5 
Be8 35.bxa6 Qxa6 36.Nf3 Ra2 37.Qc5 Qa7 38.Rb6 Bd7 39.Qxf8+ Kc7 40.Qc5+ Kd8
41.Reb1 Ra5 42.Rb8+ 1-0

[Event "Elite Hotels Open 2015"]
[Site "Elite Stadshotellet, Vaxjo"]
[Date "2015.02.13"]
[Round "1.11"]
[White "Wester, Fredrik"]
[Black "Sjodahl, Pontus"]
[Result "0-1"]
[WhiteElo "1920"]
[BlackElo "2428"]

1.e4 e6 2.d4 d5 3.Nd2 c5 4.c3 Nc6 5.dxc5 Bxc5 6.Nb3 Bb6 7.exd5 exd5 8.Nf3 
Nge7 9.Bd3 O-O 10.O-O h6 11.Bf4 Bg4 12.h3 Bh5 13.Be2 Re8 14.Nfd4 Bg6 15.
Bf3 Be4 16.Re1 Ng6 17.Bg3 Qf6 18.Bxe4 dxe4 19.Nxc6 bxc6 20.Qg4 Qe6 21.Qxe6
Rxe6 22.Rad1 f5 23.Bd6 Rae8 24.Bc5 Ne5 25.Bxb6 axb6 26.Nd4 Rf6 27.a4 g5 
28.b4 Kf7 29.a5 bxa5 30.bxa5 c5 31.Nb5 Ra8 32.Rd5 Rxa5 33.Rxe5 Rxb5 34.c4 
Ra5 35.Rb1 Kg6 36.Rb5 Ra1+ 37.Kh2 Rf1 38.Rbxc5 Rxf2 39.Kg1 Rc2 40.Rc8 Kh5 
41.c5 Kh4 42.Kh2 Rc3 43.Rh8 e3 44.Rxf5 Re6 45.Rf1 Rxc5 46.Rg8 Rc2 47.Re1 
Rf2 48.Rd8 h5 49.Rd4+ g4 50.Rc4 Re5 51.Rd4 Kg5 52.Kg3 h4+ 53.Kh2 g3+ 54.
Kg1 e2 55.Rg4+ Kh5 56.Rb4 Rd5 57.Rbb1 Kg5 58.Rbc1 Kf4 59.Rb1 Ke3 60.Ra1 
Rd3 61.Rab1 Rd2 62.Ra1 Kd3 63.Rac1 Rf4 64.Ra1 Rd4 65.Ra3+ Ke4 66.Ra8 Ke3 
67.Re8+ Re4 68.Ra8 Rd1 0-1

[Event "Elite Hotels Open 2015"]
[Site "Elite Stadshotellet, Vaxjo"]
[Date "2015.02.13"]
[Round "1.12"]
[White "Johansson, Linus"]
[Black "Helin, Mikael"]
[Result "1-0"]
[WhiteElo "2394"]
[BlackElo "1915"]

1.d4 g6 2.e4 d6 3.Nc3 c6 4.a4 a5 5.Nf3 Bg7 6.Be3 h6 7.h3 Nd7 8.Bc4 Ngf6 9.
Bb3 O-O 10.O-O Kh7 11.Qb1 e5 12.dxe5 dxe5 13.Qa2 Qe7 14.Rad1 Nh5 15.Ne2 g5
16.c3 Nf4 17.Ng3 Nc5 18.Bc4 g4 19.hxg4 Bxg4 20.Nf5 Bxf5 21.exf5 Nh5 22.
Bxc5 Qxc5 23.Bxf7 Nf4 24.Qc4 Qe7 25.Bg6+ Kh8 26.Rfe1 Nxg6 27.fxg6 Rxf3 28.
gxf3 Rf8 29.Qg4 Qe8 30.Rd6 Qe7 31.Rd7 Qe8 32.Red1 Rg8 33.Rxb7 c5 34.Rdd7 
Qf8 35.Rf7 Qa8 36.Qh5 Rb8 37.Rxg7 1-0

[Event "Elite Hotels Open 2015"]
[Site "Elite Stadshotellet, Vaxjo"]
[Date "2015.02.13"]
[Round "1.13"]
[White "Lindsten, Dennis"]
[Black "Schneider, Stefan"]
[Result "0-1"]
[WhiteElo "1904"]
[BlackElo "2387"]

1.e4 e6 2.d4 d5 3.exd5 exd5 4.Bd3 c5 5.c3 c4 6.Bc2 Bd6 7.Ne2 Ne7 8.Bf4 Bg4
9.f3 Bh5 10.Nd2 Nbc6 11.Nf1 Bg6 12.Ne3 Qc7 13.Bxd6 Qxd6 14.Qd2 b5 15.O-O 
O-O 16.f4 Bxc2 17.Qxc2 f5 18.Ng3 g6 19.Rae1 Rae8 20.Qf2 Kh8 21.Nc2 Ng8 22.
Rxe8 Rxe8 23.Ne1 Nf6 24.Qd2 Ne4 25.Nxe4 fxe4 26.Nc2 Rf8 27.g3 Ne7 28.Ne3 
Nf5 29.Ng4 Kg7 30.Ne5 Rb8 31.a3 Rf8 32.Re1 Ne7 33.Rf1 Qe6 34.Kg2 Kg8 35.
Qe2 a5 36.Qg4 Qxg4 37.Nxg4 Nf5 38.Re1 Ra8 39.Ne5 b4 40.g4 Nd6 41.Nd7 Kf7 
42.Nb6 Rb8 43.Nxd5 bxa3 44.bxa3 Rb3 45.Ra1 Ke6 46.Ne3 Rxc3 47.Kf2 Rb3 48.
Ra2 c3 49.a4 Rb2+ 0-1

[Event "Elite Hotels Open 2015"]
[Site "Elite Stadshotellet, Vaxjo"]
[Date "2015.02.13"]
[Round "1.14"]
[White "Lindberg, Bengt"]
[Black "Andersson, Thorbjorn"]
[Result "1-0"]
[WhiteElo "2385"]
[BlackElo "1903"]

1.e4 e6 2.d4 d5 3.Nc3 Bb4 4.e5 c5 5.a3 Bxc3+ 6.bxc3 Ne7 7.Qg4 Qc7 8.Qxg7 
Rg8 9.Qxh7 cxd4 10.Ne2 dxc3 11.f4 Nbc6 12.Qd3 d4 13.g3 Bd7 14.Bg2 O-O-O 
15.Rb1 Be8 16.h4 Nf5 17.Be4 Nfe7 18.h5 Nd5 19.h6 f6 20.h7 Rh8 21.Nxd4 Nxf4
22.Bxf4 Rxd4 23.Qe3 f5 24.Bf3 Rxh7 25.Qxc3 Rxh1+ 26.Bxh1 Rd8 27.Kf2 Nd4 
28.Bxb7+ 1-0

[Event "Elite Hotels Open 2015"]
[Site "Elite Stadshotellet, Vaxjo"]
[Date "2015.02.13"]
[Round "1.15"]
[White "Svensson, Bengt 1957"]
[Black "Hedman, Erik"]
[Result "0-1"]
[WhiteElo "1903"]
[BlackElo "2376"]

1.e4 c5 2.Nf3 e6 3.d4 cxd4 4.Nxd4 Nc6 5.Nc3 Qc7 6.Be3 a6 7.Bd3 Nf6 8.O-O 
Nxd4 9.Bxd4 Bc5 10.Bxc5 Qxc5 11.Kh1 d6 12.Qe2 O-O 13.f4 e5 14.fxe5 Qxe5 
15.h3 Nh5 16.Rf3 Ng3+ 17.Rxg3 Qxg3 18.Rf1 Be6 19.Rf3 Qe5 20.Qf2 Rae8 21.
Qh4 h6 22.Rg3 Kh7 23.Nd1 g5 0-1

[Event "Elite Hotels Open 2015"]
[Site "Elite Stadshotellet, Vaxjo"]
[Date "2015.02.13"]
[Round "1.16"]
[White "Kockum, Anton Frisk"]
[Black "Bragesjo, Tomas"]
[Result "1-0"]
[WhiteElo "2375"]
[BlackElo "1900"]

1.d4 Nf6 2.Nf3 e6 3.c4 Bb4+ 4.Bd2 c5 5.Bxb4 cxb4 6.g4 O-O 7.Rg1 d6 8.g5 
Nfd7 9.Nbd2 Qe7 10.Qc2 e5 11.O-O-O Nc6 12.e3 f5 13.gxf6 Nxf6 14.Bd3 a5 15.
d5 Nb8 16.Ng5 h6 17.Nh7 Nxh7 18.Bxh7+ Kh8 19.Ne4 Nd7 20.Rg3 Nf6 21.Nxf6 
Qxf6 22.Rdg1 Rf7 23.Bg6 Rc7 24.Bd3 b5 25.Rg6 Qf8 26.b3 bxc4 27.bxc4 Ba6 
28.Qe2 Rac8 29.R1g4 Rf7 30.f3 Rf6 31.Rxg7 Qxg7 32.Rxg7 Kxg7 33.Kb2 Rcf8 
34.Be4 Bc8 35.c5 dxc5 36.Qb5 Bf5 37.Qxc5 Bxe4 38.fxe4 R8f7 39.Qxa5 Rd7 40.
Kb3 Rf3 41.Qb6 Rff7 42.Qe6 Rfe7 43.Qg4+ Kh7 44.Kxb4 Rb7+ 45.Kc4 Rec7+ 46.
Kd3 Ra7 47.Qf5+ Kg8 48.Qg6+ Rg7 49.Qe6+ Kh7 50.Qf5+ Kg8 51.Qxe5 Rxa2 52.d6
Rga7 53.Qe6+ Kg7 54.d7 R7a3+ 55.Kd4 Ra4+ 56.Ke5 Ra5+ 57.Kf4 1-0

[Event "Elite Hotels Open 2015"]
[Site "Elite Stadshotellet, Vaxjo"]
[Date "2015.02.13"]
[Round "1.17"]
[White "Olsson, Tomas"]
[Black "Ernst, Thomas"]
[Result "0-1"]
[WhiteElo "1900"]
[BlackElo "2369"]

1.e4 c5 2.Nf3 d6 3.d4 cxd4 4.Nxd4 Nf6 5.Nc3 Nc6 6.Bg5 e6 7.Qd2 Be7 8.O-O-O
O-O 9.f4 e5 10.Nf3 Bg4 11.Be2 Bxf3 12.Bxf3 Nd4 13.Kb1 Rc8 14.Rc1 h6 15.
Bxf6 Bxf6 16.Nd5 exf4 17.Nxf4 Nxf3 18.gxf3 Bg5 19.h4 Bxh4 20.Nd5 Kh7 21.
Rcg1 Bf6 22.Qf4 Be5 23.Qf5+ g6 24.Qh3 Bg7 25.Rg4 Rh8 26.Rf4 Qe8 27.Nf6+ 
Bxf6 28.Rxf6 Kg7 29.Rxd6 Qe5 30.Rhd1 Qc5 31.Qh2 Rhe8 32.R6d5 Qe3 33.Qg2 
Re6 34.R5d3 Qb6 35.f4 Rec6 36.R3d2 Qe3 37.f5 Re8 38.Rd4 Re5 39.fxg6 Rxg6 
40.Qh1 Reg5 41.Qf1 Qxd4 42.Rxd4 Rg1 43.Rd1 Rxf1 44.Rxf1 h5 45.Kc1 Rg4 46.
Re1 Kf6 47.Kd2 Ke5 48.Kd3 Rg3+ 49.Kd2 h4 50.c4 h3 51.b4 Kd4 52.Re2 Rg2 0-1

[Event "Elite Hotels Open 2015"]
[Site "Elite Stadshotellet, Vaxjo"]
[Date "2015.02.13"]
[Round "1.18"]
[White "Bellon Lopez, Juan Manuel"]
[Black "Andersson, Stefan 1975"]
[Result "1-0"]
[WhiteElo "2368"]
[BlackElo "1895"]

1.d4 Nf6 2.Bg5 e6 3.e4 Be7 4.Bd3 h6 5.Bxf6 Bxf6 6.e5 Be7 7.Qg4 O-O 8.Qe4 
g6 9.h4 d5 10.Qe3 Kg7 11.h5 g5 12.c3 f6 13.exf6+ Bxf6 14.Nf3 Nc6 15.Nbd2 
Ne7 16.g4 Qd6 17.O-O-O Bd7 18.Ne5 Bxe5 19.dxe5 Qb6 20.Rhf1 Rf4 21.Be2 Raf8
22.Nf3 Qa5 23.Nd2 Qxa2 24.Qc5 R8f7 25.Nb1 Nc6 26.f3 Na5 27.Qa3 Qxa3 28.
Nxa3 Nc6 29.Nb5 Nxe5 30.Nxc7 a6 31.Rfe1 Nc6 32.Rd3 Re7 33.Bd1 Bc8 34.Na8 
Na5 35.Nb6 Rf8 36.Nxd5 Rd7 37.Rxe6 Nc4 38.Rg6+ Kh7 39.Nf6+ 1-0

[Event "Elite Hotels Open 2015"]
[Site "Elite Stadshotellet, Vaxjo"]
[Date "2015.02.13"]
[Round "1.19"]
[White "Ehmann, Benjamin"]
[Black "Bakr, Jwan"]
[Result "0-1"]
[WhiteElo "1894"]
[BlackElo "2343"]

1.d4 d6 2.Nf3 g6 3.g3 Bg7 4.Bg2 Nf6 5.O-O O-O 6.a4 Nc6 7.a5 a6 8.c3 h6 9.
Nbd2 e5 10.e3 e4 11.Ne1 d5 12.h3 Re8 13.Qb3 b5 14.axb6 cxb6 15.Nc2 b5 16.
Nb4 Nxb4 17.Qxb4 a5 18.Qb3 a4 19.Qc2 Bd7 20.b3 Rc8 21.bxa4 bxa4 22.Ba3 Bf8
23.Rfb1 Rc7 24.Bxf8 Kxf8 25.Rb4 Qc8 26.c4 dxc4 27.Rxc4 Rxc4 28.Qxc4 Qxc4 
29.Nxc4 Rb8 30.Nd6 Bc6 31.Nc4 Rb4 32.Ne5 Bd5 33.f3 exf3 34.Bxf3 Bxf3 35.
Nxf3 Nd5 36.e4 Nc3 37.e5 Ne2+ 38.Kf2 Nxd4 39.Nxd4 Rxd4 40.Ke3 Rb4 41.h4 h5
42.Ra2 Ke7 43.Kd3 Ke6 44.Rf2 Ke7 45.Ra2 Rg4 46.Ke2 Ke6 47.Kf3 Kxe5 48.Re2+
Kd5 49.Re7 f5 50.Rd7+ Kc4 51.Rc7+ Kb3 52.Rb7+ Rb4 53.Rg7 a3 54.Rxg6 a2 55.
Ra6 Ra4 56.Rb6+ Ka3 0-1

[Event "Elite Hotels Open 2015"]
[Site "Elite Stadshotellet, Vaxjo"]
[Date "2015.02.13"]
[Round "1.20"]
[White "Livner, Anders"]
[Black "Garner, Marten"]
[Result "1-0"]
[WhiteElo "2343"]
[BlackElo "1893"]

1.d4 d5 2.c4 e6 3.Nc3 Nf6 4.cxd5 exd5 5.Bg5 c6 6.e3 Be7 7.Qc2 O-O 8.Bd3 
Nbd7 9.Nf3 Re8 10.h3 Nf8 11.O-O g6 12.Rab1 Ne6 13.Bh6 a5 14.a3 Ng7 15.Bxg7
Kxg7 16.b4 axb4 17.axb4 Bd7 18.b5 Bd6 19.bxc6 bxc6 20.Rfc1 Rb8 21.Nd2 Rb6 
22.Na4 Rxb1 23.Rxb1 Qa5 24.Nc5 Bxc5 25.Nb3 Qa4 26.Nxc5 Qxc2 27.Bxc2 Ra8 
28.g4 h6 29.Rb6 Be8 30.Ba4 Nd7 31.Nxd7 Bxd7 32.Bxc6 Bxc6 33.Rxc6 Ra5 34.
Kg2 Kf8 35.Rc7 Kg7 36.Kf3 Kf6 37.h4 Ke6 38.Kf4 Ra2 39.Kg3 f6 40.Rg7 g5 41.
h5 Ra1 42.Kg2 f5 43.Rg6+ Kf7 44.gxf5 Ra8 45.Rxh6 Rg8 46.Rg6 Rh8 47.h6 g4 
48.Kg3 Ra8 49.Kxg4 Ra1 50.Kf4 Rh1 51.Ke5 Rh2 52.Rg7+ Kf8 53.f6 Rxh6 54.Ke6
Rh2 55.Rb7 Kg8 56.Rb8+ Kh7 57.f7 1-0

[Event "Elite Hotels Open 2015"]
[Site "Elite Stadshotellet, Vaxjo"]
[Date "2015.02.13"]
[Round "1.21"]
[White "Frantz, Dylan"]
[Black "Lindgren, Philip"]
[Result "0-1"]
[WhiteElo "1891"]
[BlackElo "2340"]

1.Nf3 d5 2.b3 Bg4 3.e3 Nd7 4.d4 Ngf6 5.Bb2 e6 6.c4 Bb4+ 7.Nc3 Ne4 8.Rc1 
O-O 9.cxd5 exd5 10.Be2 c6 11.O-O Nxc3 12.Bxc3 Ba3 13.Rc2 Bf5 14.Bd3 Bxd3 
15.Qxd3 a5 16.Ne5 Qe7 17.Qf5 Nxe5 18.dxe5 Qe6 19.e4 Rfd8 20.Rd2 Bb4 21.
Qxe6 fxe6 22.Bxb4 axb4 23.exd5 Rxd5 24.Rxd5 exd5 25.f4 Rxa2 26.e6 Kf8 27.
f5 Ke7 28.g4 h6 29.h4 Kf6 30.g5+ hxg5 31.hxg5+ Kxg5 32.Re1 Ra8 33.e7 Re8 
34.Kf2 Kxf5 35.Re3 0-1

[Event "Elite Hotels Open 2015"]
[Site "Elite Stadshotellet, Vaxjo"]
[Date "2015.02.13"]
[Round "1.22"]
[White "Ziegler, Ari"]
[Black "Blazekovic, Nina"]
[Result "1-0"]
[WhiteElo "2327"]
[BlackElo "1885"]

1.d4 Nf6 2.c4 g6 3.Nc3 Bg7 4.e4 d6 5.Nf3 O-O 6.Be2 e5 7.O-O Nc6 8.d5 Ne7 
9.b4 Nh5 10.g3 f5 11.Ng5 Nf6 12.Bf3 c6 13.Ba3 h5 14.dxc6 bxc6 15.b5 f4 16.
Qxd6 Qxd6 17.Bxd6 Re8 18.Bxe7 Rxe7 19.bxc6 Ba6 20.Nd5 Nxd5 21.cxd5 fxg3 
22.d6 Bxf1 23.Rxf1 gxh2+ 24.Kxh2 Bh6 25.dxe7 Bxg5 26.Rg1 Bxe7 27.Rxg6+ Kf7
28.Bxh5 Rc8 29.c7 Kf8 30.Rc6 Kg7 31.Bg4 1-0

[Event "Elite Hotels Open 2015"]
[Site "Elite Stadshotellet, Vaxjo"]
[Date "2015.02.13"]
[Round "1.23"]
[White "Fransson, Stefan"]
[Black "Rydstrom, Tom"]
[Result "0-1"]
[WhiteElo "1875"]
[BlackElo "2314"]

1.e4 c5 2.Nf3 Nc6 3.d4 cxd4 4.Nxd4 g6 5.Be3 Bg7 6.Nc3 Nf6 7.Be2 O-O 8.Qd2 
d5 9.Nxc6 bxc6 10.exd5 cxd5 11.Rd1 Bb7 12.Bf3 e6 13.O-O Re8 14.Rfe1 Qc7 
15.Nb5 Qb8 16.Bc5 Ba6 17.Nc3 Qc7 18.Ba3 Rad8 19.Na4 e5 20.Nc5 Bc8 21.Be2 
e4 22.Bb5 Re5 23.h3 d4 24.Qf4 Rxc5 25.Qxc7 Rxc7 26.Ba4 Be6 27.Bb4 Rb7 28.
Ba5 Rc8 29.Rxd4 Rxb2 30.Bb3 Bxb3 0-1

[Event "Elite Hotels Open 2015"]
[Site "Elite Stadshotellet, Vaxjo"]
[Date "2015.02.13"]
[Round "1.24"]
[White "Vaarala, Eric"]
[Black "Westerlund, Ola"]
[Result "1-0"]
[WhiteElo "2304"]
[BlackElo "1875"]

1.d4 d6 2.Nf3 f5 3.c4 Nf6 4.Nc3 g6 5.g3 Bg7 6.Bg2 O-O 7.O-O Qe8 8.d5 Na6 
9.Nd4 Bd7 10.b3 c5 11.dxc6 bxc6 12.Bb2 Nc7 13.Qd2 Rd8 14.Rac1 h6 15.e3 e5 
16.Nde2 Be6 17.Ba3 c5 18.Rcd1 g5 19.e4 f4 20.f3 g4 21.gxf4 Nh5 22.f5 Bxf5 
23.exf5 gxf3 24.Bxf3 Rxf5 25.Bg2 Rg5 26.Ne4 Rg6 27.Bxc5 d5 28.cxd5 Rxd5 
29.Qc2 Rxc5 30.Qxc5 Ne6 31.Qc4 Kh8 32.N4g3 Nhf4 33.Be4 Nxe2+ 34.Qxe2 Nf4 
35.Rxf4 Rxg3+ 36.hxg3 exf4 37.Qf3 1-0

[Event "Elite Hotels Open 2015"]
[Site "Elite Stadshotellet, Vaxjo"]
[Date "2015.02.13"]
[Round "1.26"]
[White "Dragicevic, Drazen"]
[Black "Waara, Jorgen"]
[Result "1-0"]
[WhiteElo "2248"]
[BlackElo "1863"]

1.Nf3 Nf6 2.c4 e6 3.b3 d5 4.Bb2 Be7 5.g3 O-O 6.Bg2 c6 7.O-O Nbd7 8.d3 b6 
9.Qc2 Bb7 10.e4 dxc4 11.dxc4 c5 12.e5 Ng4 13.h3 Nh6 14.Ng5 Bxg5 15.Bxb7 
Rb8 16.Be4 g6 17.f4 Be7 18.Nc3 Nf5 19.Qf2 a6 20.Rfd1 Qc7 21.g4 Ng7 22.Bg2 
f6 23.exf6 Bxf6 24.Ne4 Bxb2 25.Qxb2 Rxf4 26.Qd2 Nf6 27.Nxf6+ Rxf6 28.Qd6 
Rf7 29.Qxc7 Rxc7 30.Rd6 Kf7 31.Rad1 Ke7 32.Bc6 Rbc8 33.Rd7+ Kf8 34.Bb7 
Rxd7 35.Rxd7 Rb8 36.Bxa6 h5 37.Bb7 hxg4 38.hxg4 Ne8 39.Bf3 Nf6 40.Rc7 Ne8 
41.Rc6 Ke7 42.Kf2 Nf6 43.Kg3 Nd7 44.Rc7 Kd8 45.Ra7 Ne5 46.Be4 g5 47.Rg7 
Rc8 48.Rxg5 Nf7 49.Rg8+ Kd7 50.Rxc8 Kxc8 51.Kf4 Kd7 52.g5 Ke7 53.g6 Nd6 
54.Bd3 Kf6 55.a3 Nb7 56.b4 cxb4 57.axb4 Nd6 58.c5 bxc5 59.bxc5 Nc8 60.c6 
Ne7 61.Be4 Nc8 62.Kg4 Nd6 63.c7 Ke7 64.Bb7 Kd7 65.c8=Q+ Nxc8 66.Bxc8+ Ke7 
67.Kh5 Kf8 68.Kh6 Kg8 69.Bxe6+ Kh8 70.g7# 1-0

[Event "Elite Hotels Open 2015"]
[Site "Elite Stadshotellet, Vaxjo"]
[Date "2015.02.13"]
[Round "1.27"]
[White "Hagglund, Lars"]
[Black "Svensson, Bo Anders"]
[Result "1/2-1/2"]
[WhiteElo "1861"]
[BlackElo "2242"]

1.d4 d5 2.Bf4 Nf6 3.e3 a6 4.Bd3 Bg4 5.f3 Bh5 6.Nd2 e6 7.c3 Bd6 8.Nh3 Bg6 
9.Qe2 Bxd3 10.Qxd3 O-O 11.O-O Bxf4 12.exf4 Nbd7 13.Rae1 c5 14.f5 Qb6 15.
fxe6 fxe6 16.dxc5 Qxc5+ 17.Kh1 Rae8 18.Nb3 Qd6 19.f4 Nc5 20.Nxc5 Qxc5 21.
Ng5 Qb6 22.Qh3 Re7 23.Rxe6 Rxe6 24.Qxe6+ Qxe6 25.Nxe6 Re8 26.Nd4 Re3 27.g3
Rd3 28.Rf2 b5 29.a3 Ne4 30.Rc2 Nd2 31.Kg2 Nc4 32.Kf2 Rd1 33.Re2 Kf7 34.Nc6
Rh1 35.Kg2 Rb1 36.Ne5+ Kf6 37.Nxc4 dxc4 38.Kf3 Rf1+ 39.Ke4 Rd1 40.g4 g6 
41.g5+ 1/2-1/2

[Event "Elite Hotels Open 2015"]
[Site "Elite Stadshotellet, Vaxjo"]
[Date "2015.02.13"]
[Round "1.28"]
[White "Henriksson, Johan"]
[Black "Wihlborn, Bengt"]
[Result "1-0"]
[WhiteElo "2241"]
[BlackElo "1860"]

1.d4 Nf6 2.Nf3 e6 3.g3 b6 4.Bg2 Bb7 5.O-O Be7 6.c4 O-O 7.b3 d5 8.Ne5 Nfd7 
9.Nc3 c6 10.Bb2 Nxe5 11.dxe5 Nd7 12.cxd5 cxd5 13.e4 Nxe5 14.exd5 Qb8 15.
dxe6 Bxg2 16.Kxg2 Qb7+ 17.Qd5 Qxd5+ 18.Nxd5 Ng6 19.Nxe7+ Nxe7 20.Ba3 Rfe8 
21.exf7+ Kxf7 22.Rfd1 Red8 23.Rac1 Nd5 24.Rd4 Nf6 25.Rc7+ Kg6 26.Bb2 Rxd4 
27.Bxd4 Rd8 28.Bxf6 gxf6 29.Rxa7 Rd2 30.b4 Rb2 31.a3 Rb3 32.Ra6 Kf5 33.h4 
Ke5 34.Rxb6 Rxa3 35.Rb7 Rb3 36.b5 Kf5 37.Rxh7 Kg6 38.Rb7 1-0

[Event "Elite Hotels Open 2015"]
[Site "Elite Stadshotellet, Vaxjo"]
[Date "2015.02.13"]
[Round "1.29"]
[White "Tillman, Jan-Olof"]
[Black "Lind, Jan-Olov"]
[Result "0-1"]
[WhiteElo "1856"]
[BlackElo "2238"]

1.d4 Nf6 2.Nc3 d6 3.Nf3 g6 4.Bg5 Bg7 5.Bxf6 Bxf6 6.Qd2 Bg7 7.O-O-O O-O 8.
e4 Na6 9.Bxa6 bxa6 10.h4 h5 11.Nh2 Rb8 12.f3 c5 13.dxc5 Qa5 14.a3 Be6 15.
Rde1 Rxb2 16.Nd1 Rb1+ 17.Kxb1 Qxd2 0-1

[Event "Elite Hotels Open 2015"]
[Site "Elite Stadshotellet, Vaxjo"]
[Date "2015.02.13"]
[Round "1.30"]
[White "Lekander, Rolf"]
[Black "Nilsson, Mattias 1979"]
[Result "1-0"]
[WhiteElo "2231"]
[BlackElo "1854"]

1.c4 e5 2.g3 Nf6 3.Bg2 c6 4.d4 exd4 5.Qxd4 Qb6 6.Qxb6 axb6 7.Nc3 Bb4 8.Bd2
O-O 9.e3 d6 10.Nge2 Be6 11.b3 Nbd7 12.O-O Ne5 13.Nf4 Rfe8 14.Nxe6 fxe6 15.
Rfd1 d5 16.cxd5 exd5 17.Nxd5 Nxd5 18.Bxd5+ cxd5 19.Bxb4 Red8 20.Bc3 Nc6 
21.a4 Kf7 22.Rac1 g6 23.Bd4 Ra6 24.h4 Ke6 25.Kg2 Rf8 26.g4 h5 27.g5 Rf5 
28.f3 Na5 29.Rd3 Nc6 30.f4 Rf8 31.Kg3 Kf5 32.Kf3 Re8 33.Bc3 Rd8 34.Rcd1 
Ke6 35.e4 dxe4+ 36.Kxe4 Rxd3 37.Rxd3 Ra8 38.Be5 Nxe5 39.fxe5 b5 40.Rd6+ 
Kf7 41.axb5 Ra3 42.Rf6+ Kg7 43.Rb6 Rxb3 44.Rxb7+ Kf8 45.Kd5 Rb4 46.Ke6 
Rxh4 47.Kf6 Ke8 48.e6 Rf4+ 49.Kxg6 h4 50.b6 h3 51.Rh7 Rb4 52.b7 1-0